[Event "Stuttgart-chB int"]
[Site "Ditzingen"]
[Date "2010.05.16"]
[Round "7"]
[White "Goetzfried, Rudolf"]
[Black "Reiss, Michael1111"]
[Result "1/2-1/2"]
[WhiteElo "1668"]
[BlackElo "1509"]
[PlyCount "49"]
[EventDate "2010.05.13"]
[EventType "swiss"]
[EventRounds "7"]
[EventCountry "GER"]
[SourceTitle "EXT 2018"]
[Source "ChessBase"]
[SourceDate "2017.10.13"]
[SourceVersion "1"]
[SourceVersionDate "2017.10.13"]
[SourceQuality "1"]

1. d4 Nf6 2. c4 e6 3. Nc3 Bb4 4. Qc2 0-0 5. Nf3 c6 6. Bg5 d5 7. e3 Nbd7 8. cxd5 cxd5 9. Bd3 h6 10. Bh4 b6 11. Ne5 Qc7 12. Bg3 Nxe5 13. Bxe5 Qe7 14. 0-0-0 Bd7 15. Kb1 Rfc8 16. f3 Bxc3 17. bxc3 b5 18. Qb3 a6 19. g4 Ne8 20. h4 Nd6 21. Bxd6 Qxd6 22. f4 a5 23. Ka1 Rcb8 24. Rb1 b4 25. Qc2 1/2-1/2

[Event "Stuttgart-chB int"]
[Site "Ditzingen"]
[Date "2010.05.14"]
[Round "4"]
[White "Leroy, Patrick"]
[Black "Goetzfried, Rudolf"]
[Result "1-0"]
[WhiteElo "1835"]
[BlackElo "1668"]
[PlyCount "89"]
[EventDate "2010.05.13"]
[EventType "swiss"]
[EventRounds "7"]
[EventCountry "GER"]
[SourceTitle "EXT 2018"]
[Source "ChessBase"]
[SourceDate "2017.10.13"]
[SourceVersion "1"]
[SourceVersionDate "2017.10.13"]
[SourceQuality "1"]

1. e4 c6 2. d4 d5 3. Nc3 e6 4. Nf3 Bb4 5. e5 Nd7 6. Bd2 Ne7 7. a3 Bxc3 8. bxc3 c5 9. Be2 Qc7 10. 0-0 Nb6 11. Bd3 Bd7 12. Ng5 h6 13. Qh5 Rf8 14. Nf3 0-0-0 15. Ne1 f5 16. Qd1 c4 17. Be2 g5 18. Bh5 Be8 19. Bxe8 Rdxe8 20. a4 a5 21. Qb1 Nc6 22. Bc1 Nd7 23. Ba3 Rg8 24. Bd6 Qb6 25. Qa2 Qa7 26. Rb1 g4 27. g3 h5 28. Ng2 Rg7 29. Rb5 Nd8 30. Rfb1 b6 31. Qa3 Nf7 32. Nf4 Rh7 33. Be7 Nfxe5 34. dxe5 Rhxe7 35. Nxh5 Nxe5 36. Rxb6 Nf3+ 37. Kg2 Rh7 38. Rc6+ Rc7 39. Rcb6 Rh8 40. h4 Re8 41. Qd6 Ree7 42. Nf4 Nd2 43. Nxe6 Rxe6 44. Qxe6+ Kd8 45. Rb8+ 1-0

[Event "Stuttgart-chB int"]
[Site "Ditzingen"]
[Date "2010.05.13"]
[Round "1"]
[White "Goetzfried, Rudolf"]
[Black "Sievers, Gerda"]
[Result "1-0"]
[WhiteElo "1668"]
[BlackElo "1206"]
[PlyCount "117"]
[EventDate "2010.05.13"]
[EventType "swiss"]
[EventRounds "7"]
[EventCountry "GER"]
[SourceTitle "EXT 2018"]
[Source "ChessBase"]
[SourceDate "2017.10.13"]
[SourceVersion "1"]
[SourceVersionDate "2017.10.13"]
[SourceQuality "1"]

1. d4 f5 2. Nc3 e6 3. e3 Nf6 4. Nf3 d5 5. Bd3 c6 6. Ne2 Bd6 7. c4 0-0 8. 0-0 Ne4 9. Qc2 a6 10. cxd5 cxd5 11. Bxe4 fxe4 12. Ne5 Nd7 13. Nxd7 Bxd7 14. Nf4 Rc8 15. Qb3 b5 16. Nxd5 Rc4 17. Nf4 Qe8 18. Bd2 Kh8 19. Rac1 Rxc1 20. Rxc1 e5 21. dxe5 Bxe5 22. Qd5 Bxb2 23. Rc7 Bf5 24. Bb4 Qd8 25. Bxf8 Qxc7 26. h3 Qc8 27. Bc5 h6 28. Nh5 Kh7 29. Bd4 Bxd4 30. Qxd4 Qd7 31. Ng3 Qxd4 32. exd4 Kg6 33. Kf1 Kg5 34. Ke2 Bg6 35. Ke3 Bf7 36. a3 a5 37. Nxe4+ Kg6 38. Nd6 b4 39. axb4 a4 40. Kd2 Bd5 41. b5 Bxg2 42. b6 a3 43. Kc2 Kf6 44. b7 Bxb7 45. Nxb7 Ke6 46. Kb3 Kd5 47. Nd8 g5 48. Nf7 Kxd4 49. Kxa3 Ke4 50. Nxh6 Kf4 51. Nf7 Kf3 52. Nxg5+ Kf4 53. Nf7 Kf5 54. Kb3 Kf6 55. Kc4 Kxf7 56. Kd4 Kf6 57. Ke4 Kg5 58. f4+ Kf6 59. h4 1-0